Quiz sur le FC Nantes - Statistiques

Statistiques générales
  • Ce quiz a été pris 993 fois
  • Le résultat moyen est 4 sur 6
Statistiques - réponses
Question Réponse % Correct
Combien de fois le FC Nantes à été champion de France ? 8
95%
Combien de fois le FC Nantes à gagner la coupe de France ? 3
88%
Quel joueur Nantais détient le record d'apparitions en championnat de D1/L1 sous le maillot du FC Nantes ? Henry MICHEL
73%
En quelle année le FC Nantes a-t-il été finaliste de la Coupe de la Ligue ? 2004
54%
Qui était entraineur du FC Nantes entre 1997 et 2001 ? Raynald Denoueix
50%
Qui est le meilleur buteur du FC Nantes en Ligue 1 entre1962 et 1974 ? Bernard Blanchet
13%
Aucun quiz correspondant
Distribution des résultats
% des personnes avec chaque résultat
Percentile par nombre de réponses
Votre historique - résultats
Vous n’avez pas pris ce quiz